000 00464nam a2200169 i 4500
001 bg
100 1 _aDOBROCZYŃSKI, Michał
245 0 _aWyznania współczesnego świata /
_cM. Dobroczyński, J. Stefanowicz, A. Wasilkowski.
260 _aWarszawa,
_c1981.
700 1 _aSTEFANOWICZ, Janusz
700 1 _aWASILKOWSKI, Andrzej
040 _cBPK
041 _apol
080 _a327:338.2(100)"19"
942 _cKS
008 s pl f |000 0 pol
999 _c21641
_d21641
856 _uhttp://koha.tu.koszalin.pl/cgi-bin/koha/opac-detail.pl?biblionumber=21641
_yKatalog online BPK